000 00341pam a2200157a 44500
008 230515b1999 xxu||||| |||| 00| 0 eng d
020 _aNULL
041 _aENGL
082 _a/ KEY
100 _aWEISSINGER A.KEYTON
245 _aASP IN A NUTSHELL
250 _aN.D.
260 _aNULL
_bSPD
_c1999
300 _a407 PB
650 _aNULL
999 _c632125
_d632125